مكتبة جامعة عجلون الوطنية

فهرس بحث المكتبة

الدليل التطبيقي للمهندس الزراعي الى جني واستهلاك وتسويق وتخزين وتصنيع منتجات المزرعة / (Record no. 33742)

MARC details
000 -LEADER
fixed length control field 00901nam a22002057a 4500
003 - CONTROL NUMBER IDENTIFIER
control field JO-AjAnu
005 - DATE AND TIME OF LATEST TRANSACTION
control field 20241019102629.0
008 - FIXED-LENGTH DATA ELEMENTS--GENERAL INFORMATION
fixed length control field 241019b jo ||||| |||| 00| 0 ara d
020 ## - INTERNATIONAL STANDARD BOOK NUMBER
International Standard Book Number 9789933221003
040 ## - CATALOGING SOURCE
Original cataloging agency JO-AjAnu
Language of cataloging ara
Transcribing agency JO-AjAnu
Modifying agency JO-AjAnu
Description conventions rda
041 ## - LANGUAGE CODE
Language code of text/sound track or separate title ara
Language code of original ara
050 ## - LIBRARY OF CONGRESS CALL NUMBER
Classification number S675.
Item number M87 2018
100 #1 - MAIN ENTRY--PERSONAL NAME
Personal name موصللي، حسين
Relator term مؤلف
9 (RLIN) 66282
245 #0 - TITLE STATEMENT
Title الدليل التطبيقي للمهندس الزراعي الى جني واستهلاك وتسويق وتخزين وتصنيع منتجات المزرعة /
Statement of responsibility, etc. تاليف حسين موصللي
260 ## - PUBLICATION, DISTRIBUTION, ETC.
Place of publication, distribution, etc. دمشق :
Name of publisher, distributor, etc. دار مؤسسة رسلان للطباعة والنشر والتوزيع،
Date of publication, distribution, etc. 2018
300 ## - PHYSICAL DESCRIPTION
Extent 544 صفحة
504 ## - BIBLIOGRAPHY, ETC. NOTE
Bibliography, etc. note يحتوي على مراجع باللغتين العربية والانجليزية
650 70 - SUBJECT ADDED ENTRY--TOPICAL TERM
Topical term or geographic name entry element الهندسة الزراعية- دليل
9 (RLIN) 66284
942 ## - ADDED ENTRY ELEMENTS (KOHA)
Source of classification or shelving scheme Library of Congress Classification
Koha item type Books
Suppress in OPAC No
Holdings
Withdrawn status Lost status Source of classification or shelving scheme Damaged status Not for loan Home library Current library Date acquired Total Checkouts Full call number Barcode Date last seen Price effective from Koha item type
    Library of Congress Classification     مكتبة جامعة عجلون الوطنية مكتبة جامعة عجلون الوطنية 19/10/2024   S675.M87 2018 a30093 19/10/2024 19/10/2024 Books